The Twelve Disciples- Sudden Death - Statistics

General Stats
  • This quiz has been taken 31 times
  • The average score is 5 of 12
Answers on the Grid
Answers color-coded by a green-red scale on the quiz's grid according to % correct below.
Simon Peter
Andrew
James son of Zebedee
John
Philip
Bartholomew
Thomas
Matthew
James son of Alphaeus
Thaddaeus
Simon the Zealot
Judas Iscariot
James brother of Jesus
Jude
Judas of Galilee
Paul
Saul
Melchizedek
Mary Magdalene
Pontius Pilate
Herod
Daniel
Methuselah
Joshua
Barnabus
Silas
Apollos
Polycarp
Thomas Aquinas
Jesus
 
Answer Stats
Answer % Correct
John
59%
Judas Iscariot
53%
Bartholomew
47%
Thomas
47%
Matthew
41%
Philip
41%
Simon Peter
41%
Andrew
29%
James son of Zebedee
29%
Simon the Zealot
29%
Thaddaeus
29%
James son of Alphaeus
24%
No matching quizzes found
Score Distribution
Percent of People with Each Score
Percentile by Number Answered
Your Score History
You have not taken this quiz